[Event "4NCL Division 3 North"]
[Site "Bolton, ENG"]
[Date "2018.11.11"]
[Round "2.16"]
[White "McQuillan, Stephen G"]
[Black "Jones, Dewi"]
[Result "1-0"]
[WhiteElo "1900"]
[BlackElo "1513"]
[PlyCount "105"]
[EventDate "2018.11.11"]
[WhiteTeam "Manchester Manticores 2"]
[BlackTeam "Holmes Chapel"]

1. d4 Nf6 2. Bf4 d6 3. Nc3 g6 4. e4 Bg7 5. Qd2 O-O 6. f3 Qe8 7. Bh6 Nbd7 8. g4
e5 9. d5 Nc5 10. Bd3 Nxd3+ 11. cxd3 c5 12. Nge2 b5 13. h4 b4 14. Nd1 Qb5 15.
Bxg7 Kxg7 16. Ne3 Ba6 17. Nc4 Qd7 18. h5 Rh8 19. Ng3 Ng8 20. h6+ Kf8 21. Ke2
Bxc4 22. dxc4 Nf6 23. Qg5 Qd8 24. f4 Nd7 25. Qxd8+ Rxd8 26. f5 Ke7 27. Raf1
Rdf8 28. b3 a5 29. a3 Nf6 30. g5 Nd7 31. f6+ Kd8 32. Ra1 Kc7 33. axb4 Rb8 34.
b5 Kb6 35. Ra4 Ra8 36. Rha1 Ra7 37. Kd3 Rha8 38. Ne2 Kb7 39. R4a2 Kb6 40. Nc3
Kb7 41. b6 Ra6 42. Nb5 Rxb6 43. Rxa5 Rxa5 44. Rxa5 Kb8 45. Ra7 Rxb5 46. Rxd7
Rxb3+ 47. Kd2 Rb7 48. Rd8+ Kc7 49. Rh8 Rb8 50. Rxh7 Rf8 51. Rg7 Kd7 52. h7 Ke8
53. Rg8 1-0

[Event "4NCL Division 3 North"]
[Site "Bolton, ENG"]
[Date "2018.11.11"]
[Round "2.21"]
[White "Watson, Phil R"]
[Black "Doherty, Paul"]
[Result "1-0"]
[WhiteElo "2140"]
[BlackElo "1757"]
[PlyCount "54"]
[EventDate "2018.11.11"]
[WhiteTeam "Bradford DCA Knights B"]
[BlackTeam "Bolton & Worsley"]

1. d4 e6 2. c4 f5 3. g3 Nf6 4. Bg2 Be7 5. Nf3 O-O 6. O-O d6 7. Nc3 Ne4 8. Qc2
Nxc3 9. Qxc3 Bf6 10. h4 Nc6 11. Bg5 Qe8 12. Bxf6 Rxf6 13. b4 e5 14. b5 exd4 15.
Nxd4 Nxd4 16. Qxd4 Qxe2 17. Rfe1 Qh5 18. Re7 f4 19. Rae1 Bg4 20. Rxc7 Re8 21.
Rxe8+ Qxe8 22. Qd5+ Be6 23. Qxb7 Rf7 24. Qxa7 Bxc4 25. Rxf7 Bxf7 26. Qa8 Kf8
27. b6 Ke7 1-0

[Event "4NCL Division 3 North"]
[Site "Bolton, ENG"]
[Date "2018.11.11"]
[Round "2.22"]
[White "Connor, Michael I"]
[Black "Allis, Richard"]
[Result "0-1"]
[WhiteElo "1817"]
[BlackElo "2050"]
[PlyCount "60"]
[EventDate "2018.11.11"]
[WhiteTeam "Bolton & Worsley"]
[BlackTeam "Bradford DCA Knights B"]

1. d4 c5 2. d5 f5 3. g3 g6 4. Bg2 Nf6 5. Nf3 Bg7 6. O-O O-O 7. c4 d6 8. Nc3 e5
9. Qc2 e4 10. Ng5 h6 11. Nh3 Nbd7 12. b3 a6 13. Bb2 Ne5 14. Rad1 g5 15. f3 Qe7
16. Nf2 e3 17. Nd3 Nxd3 18. exd3 f4 19. Ne2 Nd7 20. d4 cxd4 21. Nxd4 Ne5 22. b4
Bd7 23. c5 Rac8 24. Rc1 Qe8 25. Qe4 Nf7 26. Qg6 Ne5 27. Qxe8 Rfxe8 28. cxd6 Nd3
29. Rxc8 Rxc8 30. Ba1 Bxd4 0-1

[Event "4NCL Division 3 North"]
[Site "Bolton, ENG"]
[Date "2018.11.11"]
[Round "2.23"]
[White "Shapland, David"]
[Black "McElvenny, Damien"]
[Result "1-0"]
[WhiteElo "1982"]
[BlackElo "1810"]
[PlyCount "63"]
[EventDate "2018.11.11"]
[WhiteTeam "Bradford DCA Knights B"]
[BlackTeam "Bolton & Worsley"]

1. e4 c5 2. Nf3 d6 3. d4 cxd4 4. Nxd4 Nf6 5. Nc3 a6 6. Bc4 e6 7. Bb3 Be7 8. Be3
Qc7 9. Qe2 Nc6 10. O-O-O Na5 11. Rhg1 Nxb3+ 12. axb3 b5 13. f3 O-O 14. g4 Bb7
15. g5 Nd7 16. Rg3 Rac8 17. f4 b4 18. Nd5 exd5 19. Qh5 Rfe8 20. Rh3 Nf8 21. Rd2
dxe4 22. Nf5 Qa5 23. Nxe7+ Rxe7 24. Kb1 Rec7 25. Bd4 Qf5 26. Be3 d5 27. Qh4 d4
28. Bxd4 e3 29. Rxe3 Rxc2 30. Rxc2 Rxc2 31. Qh3 Rxh2+ 32. Qxf5 1-0

[Event "4NCL Division 3 North"]
[Site "Bolton, ENG"]
[Date "2018.11.11"]
[Round "2.24"]
[White "Clissold, Julian"]
[Black "Baxter, Harold"]
[Result "0-1"]
[WhiteElo "1697"]
[BlackElo "1858"]
[Annotator "user"]
[PlyCount "30"]
[EventDate "2018.11.11"]
[WhiteTeam "Bolton & Worsley"]
[BlackTeam "Bradford DCA Knights B"]

1. d4 Nf6 2. Nf3 d5 3. e3 g6 4. Bd3 b6 5. O-O Bg7 6. Nbd2 Bb7 7. c3 O-O 8. Re1
Nbd7 9. e4 dxe4 10. Nxe4 Nxe4 11. Bxe4 Bxe4 12. Rxe4 Nf6 13. Re1 Rc8 14. Qe2
Re8 15. Bd2 a5 {Phone} 0-1

[Event "4NCL Division 3 North"]
[Site "Bolton, ENG"]
[Date "2018.11.11"]
[Round "2.25"]
[White "Clark, William G Bill"]
[Black "Lamb, Ian"]
[Result "1/2-1/2"]
[WhiteElo "1858"]
[BlackElo "1690"]
[PlyCount "29"]
[EventDate "2018.11.11"]
[WhiteTeam "Bradford DCA Knights B"]
[BlackTeam "Bolton & Worsley"]

1. e4 e6 2. d3 c5 3. Nf3 Nc6 4. g3 g6 5. Bg2 Bg7 6. O-O Nge7 7. c3 e5 8. a3 a5
9. a4 O-O 10. Na3 d6 11. Nb5 Na7 12. Nxa7 Rxa7 13. Nd2 Be6 14. Qe2 f5 15. f4
1/2-1/2

[Event "4NCL Division 3 North"]
[Site "Bolton, ENG"]
[Date "2018.11.11"]
[Round "2.26"]
[White "Kumar, Siddhansh"]
[Black "Dean, Robert A"]
[Result "0-1"]
[WhiteElo "1060"]
[BlackElo "1833"]
[PlyCount "68"]
[EventDate "2018.11.11"]
[WhiteTeam "Bolton & Worsley"]
[BlackTeam "Bradford DCA Knights B"]

1. e4 e6 2. d4 d5 3. exd5 exd5 4. Qe2+ Be6 5. Nf3 Nc6 6. Bg5 Qd7 7. Nc3 Bb4 8.
Qd2 f6 9. Be3 Nge7 10. Bb5 a6 11. Bxc6 Qxc6 12. O-O O-O-O 13. Rfe1 Bg4 14. a3
Bd6 15. h3 Bxf3 16. gxf3 Ng6 17. Kf1 Rhe8 18. Ke2 Nh4 19. Qd3 g6 20. Rad1 f5
21. f4 Bxf4 22. Kd2 Nf3+ 23. Kc1 Nxe1 24. Rxe1 Bxe3+ 25. fxe3 f4 26. Qf1 fxe3
27. Qf7 Qd7 28. Qf3 Qf5 29. Qg3 Qf2 30. Qg4+ Kb8 31. Re2 Qf1+ 32. Re1 Qxe1+ 33.
Nd1 e2 34. h4 Qxd1# 0-1

[Event "4NCL Division 3 North"]
[Site "Bolton, ENG"]
[Date "2018.11.11"]
[Round "2.31"]
[White "Whyte, Brian G"]
[Black "Carpenter, Martin"]
[Result "1/2-1/2"]
[WhiteElo "2080"]
[BlackElo "2009"]
[PlyCount "47"]
[EventDate "2018.11.11"]
[WhiteTeam "Shropshire 1"]
[BlackTeam "Jorvik"]

1. Nf3 Nf6 2. b3 c5 3. c4 g6 4. g3 Bg7 5. Bb2 O-O 6. Bg2 Nc6 7. O-O d6 8. Nc3
Bd7 9. Nd5 Nxd5 10. Bxg7 Ne3 11. dxe3 Kxg7 12. Qd2 Qc7 13. h4 h5 14. Ng5 Rab8
15. e4 b5 16. cxb5 Rxb5 17. f4 Rbb8 18. Kh2 a5 19. Rad1 Bg4 20. Rc1 Qb6 21. Rc4
Rbd8 22. e3 Kg8 23. Rfc1 Kg7 24. Rf1 1/2-1/2

[Event "4NCL Division 3 North"]
[Site "Bolton, ENG"]
[Date "2018.11.11"]
[Round "2.32"]
[White "Hodge, Steve R"]
[Black "Bryant, Richard B E"]
[Result "1/2-1/2"]
[WhiteElo "1984"]
[BlackElo "2005"]
[PlyCount "72"]
[EventDate "2018.11.11"]
[WhiteTeam "Jorvik"]
[BlackTeam "Shropshire 1"]

1. e4 e6 2. d4 d5 3. Nd2 Nf6 4. e5 Nfd7 5. Bd3 c5 6. c3 Nc6 7. Ne2 cxd4 8. cxd4
f6 9. exf6 Nxf6 10. Nf3 Bd6 11. O-O Qc7 12. Bg5 O-O 13. Rc1 Nh5 14. Re1 Rxf3
15. gxf3 Bxh2+ 16. Kh1 Nf4 17. Qd2 Nxd3 18. Qxd3 Bd6 19. Kg2 Qf7 20. Rh1 g6 21.
f4 Bd7 22. Rh4 Ne7 23. Bxe7 Bxe7 24. Rh6 Bf8 25. Rh4 Bg7 26. Rch1 h5 27. Ng1
Bf6 28. R4h2 Rf8 29. Nf3 Be8 30. Kf1 a6 31. Qc2 Bg7 32. Rh4 Bf6 33. R4h2 Kg7
34. Rg2 Kh6 35. Qd2 Kh7 36. Qc2 Kh6 1/2-1/2

[Event "4NCL Division 3 North"]
[Site "Bolton, ENG"]
[Date "2018.11.11"]
[Round "2.33"]
[White "Higgie, Charles L"]
[Black "White, Mark W"]
[Result "1/2-1/2"]
[WhiteElo "1997"]
[BlackElo "2011"]
[PlyCount "102"]
[EventDate "2018.11.11"]
[WhiteTeam "Shropshire 1"]
[BlackTeam "Jorvik"]

1. d4 d5 2. c4 e6 3. Nc3 c6 4. Nf3 Nf6 5. Bg5 h6 6. Bh4 dxc4 7. e3 b5 8. a4 g5
9. Bg3 b4 10. Na2 Bd6 11. Bxc4 a5 12. Nc1 Na6 13. Ne5 Bb7 14. Qf3 Nb8 15. Ncd3
Nbd7 16. Nxf7 Kxf7 17. Bxd6 Nb6 18. Ne5+ Kg7 19. Bc5 Nxc4 20. Nxc4 Qd5 21. Qxd5
cxd5 22. Nd6 Ba6 23. Kd2 Rhd8 24. f3 Nd7 25. b3 Kg6 26. Nb5 Bxb5 27. axb5 Rdb8
28. b6 Nxb6 29. Bxb6 Rxb6 30. Rhc1 Rba6 31. Ra4 Kf5 32. g4+ Kf6 33. Rc5 R8a7
34. Kd3 Ra8 35. e4 dxe4+ 36. fxe4 Kg6 37. Kc4 Kf6 38. Ra1 a4 39. Rc7 axb3 40.
Rf1+ Kg6 41. Rff7 Rc6+ 42. Kxb3 Rxc7 43. Rxc7 Ra3+ 44. Kxb4 Re3 45. e5 Re4 46.
Kc5 Rxg4 47. Re7 Kf5 48. Rf7+ Ke4 49. Rf6 Rh4 50. Rxe6 Rxh2 51. Rg6 Rd2 1/2-1/2

[Event "4NCL Division 3 North"]
[Site "Bolton, ENG"]
[Date "2018.11.11"]
[Round "2.34"]
[White "Cowan, Richard M"]
[Black "Gostelow, David W"]
[Result "1-0"]
[WhiteElo "1894"]
[BlackElo "1960"]
[PlyCount "97"]
[EventDate "2018.11.11"]
[WhiteTeam "Jorvik"]
[BlackTeam "Shropshire 1"]

1. e4 c5 2. Nc3 e6 3. Qe2 Nc6 4. Nf3 Be7 5. g3 d6 6. Bg2 Bf6 7. O-O Nge7 8. d3
Nd4 9. Nxd4 cxd4 10. Nd1 Nc6 11. f4 Bd7 12. a3 Qc7 13. Bd2 h5 14. Nf2 Ke7 15.
b4 a6 16. Rac1 Na7 17. e5 dxe5 18. Ne4 Nb5 19. Nxf6 gxf6 20. fxe5 Qxe5 21. Qf2
f5 22. Bg5+ Kf8 23. Bf4 Qg7 24. Rfe1 h4 25. a4 hxg3 26. hxg3 Na7 27. Bd6+ Ke8
28. Be5 f6 29. Bxd4 Nc6 30. Bc5 Ne5 31. d4 Ng4 32. Qxf5 Kf7 33. Qe4 Rae8 34.
Qxb7 Kg6 35. Qxa6 Qh6 36. Qd3+ f5 37. Qf3 Qh2+ 38. Kf1 Rh3 39. Bd6 Bxa4 40. c4
Rh7 41. b5 Qh6 42. Qc6 Nf6 43. Bf4 Qf8 44. Rxe6 Rxe6 45. Qxe6 Qa3 46. Qe3 Qb4
47. Qe1 Qb3 48. Qc3 Qa2 49. Ra1 1-0

[Event "4NCL Division 3 North"]
[Site "Bolton, ENG"]
[Date "2018.11.11"]
[Round "2.35"]
[White "Bennion, David"]
[Black "Anderson, Paul W"]
[Result "1-0"]
[WhiteElo "1945"]
[BlackElo "1772"]
[PlyCount "41"]
[EventDate "2018.11.11"]
[WhiteTeam "Shropshire 1"]
[BlackTeam "Jorvik"]

1. e4 e5 2. f4 d5 3. exd5 e4 4. Bb5+ c6 5. dxc6 bxc6 6. Ba4 Bc5 7. Ne2 Qb6 8.
d4 exd3 9. cxd3 Nf6 10. d4 Bb4+ 11. Bd2 Nd5 12. Nbc3 O-O 13. O-O Bd6 14. Ne4 c5
15. Nxd6 Qxd6 16. Ng3 Nb6 17. Bc2 cxd4 18. Ne4 Qd8 19. Kh1 Bf5 20. Qh5 Qc8 21.
Nf6+ 1-0

[Event "4NCL Division 3 North"]
[Site "Bolton, ENG"]
[Date "2018.11.11"]
[Round "2.41"]
[White "Acey, Gerald"]
[Black "Phillips, David A"]
[Result "0-1"]
[WhiteElo "2133"]
[BlackElo "2029"]
[PlyCount "102"]
[EventDate "2018.11.11"]
[WhiteTeam "Cheddleton 2"]
[BlackTeam "Spirit of Atticus B"]

1. d4 Nf6 2. Bg5 Ne4 3. Bf4 c5 4. f3 Qa5+ 5. c3 Nf6 6. d5 Qb6 7. Bc1 g6 8. e4
d6 9. Nd2 Bg7 10. Ne2 O-O 11. c4 Re8 12. Nc3 e6 13. Be2 exd5 14. cxd5 Qd8 15.
O-O Na6 16. Bxa6 bxa6 17. Nc4 Nh5 18. Be3 Rb8 19. Qd2 Rb4 20. b3 a5 21. Rac1
Ba6 22. Na4 Bxc4 23. Rxc4 f5 24. Qc2 fxe4 25. fxe4 Rxc4 26. bxc4 Qh4 27. Nc3
Be5 28. g3 Bxg3 29. Qg2 Be5 30. Bg5 Bxh2+ 31. Qxh2 Qxg5+ 32. Qg2 Qxg2+ 33. Kxg2
a6 34. Rb1 Nf4+ 35. Kg3 Nd3 36. Rb6 Rd8 37. Rxa6 Ne5 38. Rxa5 Nxc4 39. Ra7 Rf8
40. Nb5 Rf7 41. Ra8+ Kg7 42. a4 Kf6 43. a5 Rb7 44. a6 Rxb5 45. a7 Rb3+ 46. Kf2
Ra3 47. Rf8+ Ke5 48. a8=Q Rxa8 49. Rxa8 Kxe4 50. Ra7 h5 51. Rg7 Ne5 0-1

[Event "4NCL Division 3 North"]
[Site "Bolton, ENG"]
[Date "2018.11.11"]
[Round "2.42"]
[White "Bimpson, Tom"]
[Black "Richardson, Alex"]
[Result "0-1"]
[WhiteElo "2023"]
[BlackElo "2141"]
[PlyCount "92"]
[EventDate "2018.11.11"]
[WhiteTeam "Spirit of Atticus B"]
[BlackTeam "Cheddleton 2"]

1. e4 c5 2. d3 Nc6 3. g3 d5 4. Nd2 Nf6 5. Bg2 g6 6. Ngf3 Bg7 7. O-O O-O 8. c3
h6 9. Re1 b6 10. e5 Ne8 11. d4 cxd4 12. cxd4 a5 13. h4 Bf5 14. a3 Nc7 15. Nf1
Qd7 16. Be3 Rfc8 17. N3h2 a4 18. g4 Be6 19. f4 Na5 20. Qf3 Nc4 21. Ng3 f5 22.
exf6 Nxe3 23. Qxe3 exf6 24. f5 gxf5 25. gxf5 Bxf5 26. Nxf5 Qxf5 27. Bh3 Qg6+
28. Kh1 Re8 29. Qf4 Re4 30. Rxe4 Qxe4+ 31. Qxe4 dxe4 32. Bf5 Rd8 33. Rc1 Nb5
34. d5 Nd6 35. Be6+ Kh8 36. b3 axb3 37. Rb1 f5 38. Rxb3 Bd4 39. Nf1 Kg7 40.
Rg3+ Kf6 41. h5 Ke5 42. Kg2 Ra8 43. Ne3 Bxe3 44. Rxe3 Nc4 45. Rc3 Kd4 46. Rc1
f4 0-1

[Event "4NCL Division 3 North"]
[Site "Bolton, ENG"]
[Date "2018.11.11"]
[Round "2.43"]
[White "Floresc, Petru"]
[Black "Cooper, John G"]
[Result "0-1"]
[WhiteElo "2080"]
[BlackElo "1934"]
[PlyCount "96"]
[EventDate "2018.11.11"]
[WhiteTeam "Cheddleton 2"]
[BlackTeam "Spirit of Atticus B"]

1. c4 e5 2. Nc3 Nf6 3. e4 Bc5 4. d3 d6 5. h3 h6 6. Nge2 Nc6 7. a3 a5 8. Bd2 Nd4
9. Na4 Ba7 10. Nxd4 Bxd4 11. Be2 c6 12. O-O O-O 13. Nc3 Be6 14. Rb1 d5 15. cxd5
cxd5 16. Bf3 dxe4 17. dxe4 Qb6 18. Qe2 Qb3 19. Nb5 Bc4 20. Nxd4 exd4 21. Qd1
Qxd1 22. Rfxd1 Bd3 23. e5 Bxb1 24. exf6 Bc2 25. Rc1 d3 26. fxg7 Kxg7 27. Bc3+
Kg8 28. Bxb7 Rab8 29. Bf3 a4 30. Kf1 Rfe8 31. Re1 Rec8 32. Re4 Rxc3 33. bxc3 d2
34. Rg4+ Kf8 35. g3 d1=Q+ 36. Bxd1 Bxd1 37. Rh4 Kg7 38. Ke1 Bb3 39. Kd2 Rd8+
40. Ke2 Rd1 41. c4 Ra1 42. Kd3 Rxa3 43. Kd4 Ra2 44. Rg4+ Kf8 45. Rf4 Rc2 46.
Kd3 Rc1 47. Rf6 a3 48. Kd2 a2 0-1

[Event "4NCL Division 3 North"]
[Site "Bolton, ENG"]
[Date "2018.11.11"]
[Round "2.44"]
[White "Johnson, Michael D"]
[Black "Boswell, Jacob Connor"]
[Result "1-0"]
[WhiteElo "1971"]
[BlackElo "2035"]
[PlyCount "105"]
[EventDate "2018.11.11"]
[WhiteTeam "Spirit of Atticus B"]
[BlackTeam "Cheddleton 2"]

1. Nf3 Nf6 2. g3 g6 3. Bg2 Bg7 4. O-O c5 5. d4 cxd4 6. Nxd4 Nc6 7. Nxc6 bxc6 8.
c4 O-O 9. Nc3 Ba6 10. Qa4 Qc8 11. Bg5 h6 12. Bxf6 Bxf6 13. Rac1 Rb8 14. b3 Bb7
15. c5 Ba6 16. Rfd1 Bb5 17. Nxb5 Rxb5 18. Qxa7 Rb7 19. Qa5 Qa8 20. Qd2 Qa3 21.
Be4 Rb4 22. Bd3 Kg7 23. e3 Rd8 24. Rc2 d5 25. cxd6 Rxd6 26. Qc1 Qa7 27. Bc4 Rb7
28. Rcd2 Rbd7 29. a4 Qa5 30. Rd3 Qc5 31. Qc2 Qb6 32. Kg2 h5 33. h4 Qc5 34. Rxd6
exd6 35. e4 d5 36. exd5 cxd5 37. Bd3 Qb6 38. Bb5 Rc7 39. Qd3 d4 40. Bc4 Re7 41.
Rd2 Re1 42. Qf3 Re5 43. Rd3 Rf5 44. Qa8 Be5 45. Rf3 Rxf3 46. Qxf3 Qf6 47. a5
Bd6 48. Qd5 Bc7 49. b4 d3 50. Qxd3 g5 51. hxg5 Qxg5 52. Qd7 Qe5 53. Qxf7+ 1-0

[Event "4NCL Division 3 North"]
[Site "Bolton, ENG"]
[Date "2018.11.11"]
[Round "2.45"]
[White "Davison, Colin F S"]
[Black "Hulme, David I"]
[Result "1-0"]
[WhiteElo "1869"]
[BlackElo "1869"]
[PlyCount "63"]
[EventDate "2018.11.11"]
[WhiteTeam "Cheddleton 2"]
[BlackTeam "Spirit of Atticus B"]

1. e4 e5 2. Nf3 Nc6 3. Bb5 a6 4. Ba4 Nf6 5. O-O d6 6. d4 b5 7. dxe5 Nxe5 8.
Nxe5 bxa4 9. Nd3 Be7 10. Nc3 Bb7 11. f3 O-O 12. Nf4 Qd7 13. Be3 Rab8 14. Ba7
Ra8 15. Bd4 Rab8 16. Ba7 Ra8 17. Bd4 Rab8 18. Qe1 c5 19. Be3 Bc6 20. b3 Bd8 21.
Rd1 axb3 22. axb3 Bb6 23. Qg3 Qc7 24. Kh1 Rbd8 25. Ncd5 Bxd5 26. Nxd5 Nxd5 27.
Rxd5 Qe7 28. Rfd1 f5 29. Bg5 Qe6 30. Bxd8 Bxd8 31. Qxd6 Qxd6 32. Rxd6 1-0

[Event "4NCL Division 3 North"]
[Site "Bolton, ENG"]
[Date "2018.11.11"]
[Round "2.46"]
[White "Mort, Andrew J"]
[Black "Edwards, Simon R"]
[Result "1/2-1/2"]
[WhiteElo "1805"]
[BlackElo "1925"]
[PlyCount "29"]
[EventDate "2018.11.11"]
[WhiteTeam "Spirit of Atticus B"]
[BlackTeam "Cheddleton 2"]

1. d4 Nf6 2. Nc3 c5 3. d5 e6 4. e4 exd5 5. e5 Ng8 6. Qxd5 Nc6 7. Bc4 Qe7 8. Nf3
Nf6 9. Qxf7+ Qxf7 10. Bxf7+ Kxf7 11. exf6 gxf6 12. Bf4 Rg8 13. O-O-O d6 14.
Bxd6 Rxg2 15. Bxf8 1/2-1/2

[Event "4NCL Division 3 North"]
[Site "Bolton, ENG"]
[Date "2018.11.11"]
[Round "2.51"]
[White "Ho, Conrad"]
[Black "Slinger, Tony J"]
[Result "1/2-1/2"]
[WhiteElo "2067"]
[BlackElo "1838"]
[PlyCount "53"]
[EventDate "2018.11.11"]
[WhiteTeam "White Rose 2"]
[BlackTeam "Bradford DCA Knights C"]

1. d4 d5 2. c4 c6 3. Nf3 Nf6 4. e3 Bf5 5. Qb3 Qb6 6. Nc3 e6 7. Nh4 Bg6 8. Nxg6
hxg6 9. Bd2 Nbd7 10. c5 Qxb3 11. axb3 a6 12. b4 Rc8 13. f4 Be7 14. Be2 Ne4 15.
Nxe4 dxe4 16. Bd1 f5 17. Bb3 Kf7 18. g4 Nf6 19. gxf5 gxf5 20. Ke2 Rh3 21. Be1
Nd5 22. Bxd5 exd5 23. Bg3 Rch8 24. Rhg1 Bh4 25. Rg2 Bxg3 26. hxg3 Rh1 27. Rgg1
1/2-1/2

[Event "4NCL Division 3 North"]
[Site "Bolton, ENG"]
[Date "2018.11.11"]
[Round "2.52"]
[White "Johnson, Paul A"]
[Black "Shaw, Peter"]
[Result "0-1"]
[WhiteElo "1832"]
[BlackElo "2077"]
[PlyCount "98"]
[EventDate "2018.11.11"]
[WhiteTeam "Bradford DCA Knights C"]
[BlackTeam "White Rose 2"]

1. d4 f5 2. Nf3 e6 3. g3 Nf6 4. Bg2 Be7 5. Bg5 O-O 6. Nbd2 Ne4 7. Bxe7 Qxe7 8.
c3 d6 9. Qc2 Nxd2 10. Qxd2 Nc6 11. O-O-O e5 12. h4 e4 13. Ng5 d5 14. e3 b5 15.
Nh3 b4 16. Nf4 bxc3 17. Qxc3 Nb4 18. Kb1 Ba6 19. Bf1 Bxf1 20. Rhxf1 Qd6 21. Qc5
Qxc5 22. dxc5 c6 23. a3 Na6 24. b4 Nc7 25. Rd2 a5 26. Rb2 Nb5 27. Ne6 Rfb8 28.
bxa5 Nxa3+ 29. Ka2 Nb5 30. Rb3 Rxa5+ 31. Kb2 Rba8 32. Nd4 Ra2+ 33. Kc1 Ra1+ 34.
Rb1 Nxd4 35. exd4 R8a2 36. f3 Rxb1+ 37. Kxb1 Rd2 38. fxe4 fxe4 39. Rc1 Rxd4 40.
Rc3 Kf7 41. Kc2 Ke6 42. Kb2 Ke5 43. Ra3 Rc4 44. Ra7 Kf6 45. Ra5 h5 46. Kb3 g6
47. Kb2 Ke5 48. Kb3 e3 49. Kb2 Kd4 0-1

[Event "4NCL Division 3 North"]
[Site "Bolton, ENG"]
[Date "2018.11.11"]
[Round "2.53"]
[White "Burnett, Jim"]
[Black "Bramson, Mike"]
[Result "1/2-1/2"]
[WhiteElo "2140"]
[BlackElo "1805"]
[PlyCount "49"]
[EventDate "2018.11.11"]
[WhiteTeam "White Rose 2"]
[BlackTeam "Bradford DCA Knights C"]

1. d4 Nf6 2. c4 g6 3. g3 Bg7 4. Bg2 O-O 5. Nc3 d6 6. Nf3 Nc6 7. O-O Rb8 8. Bf4
a6 9. Rc1 Bf5 10. d5 Na5 11. Nd2 b5 12. e4 Bg4 13. f3 Bd7 14. cxb5 axb5 15. b3
c5 16. Re1 b4 17. Ncb1 Qb6 18. Be3 Qa6 19. Bf1 Bb5 20. Bxb5 Qxb5 21. Qe2 Qd7
22. Nc4 Nxc4 23. Qxc4 Qb5 24. Nd2 Nd7 25. Qxb5 1/2-1/2

[Event "4NCL Division 3 North"]
[Site "Bolton, ENG"]
[Date "2018.11.11"]
[Round "2.54"]
[White "Winter, Kevin"]
[Black "Lewyk, Ihor"]
[Result "0-1"]
[WhiteElo "1744"]
[BlackElo "2072"]
[PlyCount "128"]
[EventDate "2018.11.11"]
[WhiteTeam "Bradford DCA Knights C"]
[BlackTeam "White Rose 2"]

1. e4 d5 2. exd5 Nf6 3. d4 Bg4 4. Nf3 Qxd5 5. Be2 e6 6. O-O Be7 7. h3 Bh5 8. c4
Qd8 9. Nc3 O-O 10. Be3 c6 11. Qb3 Qc7 12. Rac1 Nbd7 13. Rfd1 Rfd8 14. c5 Nd5
15. Nxd5 exd5 16. Qc2 Bg6 17. Qd2 Nf6 18. Bf4 Qc8 19. Ne5 Re8 20. f3 Nh5 21.
Nxg6 hxg6 22. Bh2 Bh4 23. Bd3 Qe6 24. Be5 Qe7 25. g4 Nf6 26. Kg2 Nh7 27. Bg3
Bxg3 28. Kxg3 Qf6 29. Qf4 Re7 30. Qxf6 gxf6 31. Re1 Rae8 32. Rxe7 Rxe7 33. Kf2
Ng5 34. Bf1 Ne6 35. Rd1 b6 36. b4 bxc5 37. bxc5 Rb7 38. Rd2 Rb4 39. Ke3 g5 40.
a3 Rb3+ 41. Rd3 Rb1 42. Kf2 Rb2+ 43. Ke3 Kf8 44. Rc3 Ke7 45. Ba6 Nf4 46. Bf1 a5
47. a4 Rb4 48. h4 Rb1 49. hxg5 fxg5 50. Ba6 Rb4 51. Rc2 Rxa4 52. Rb2 Rb4 53.
Ra2 a4 54. Bc8 Rb3+ 55. Kf2 a3 56. Kg3 Rb2 57. Rxb2 axb2 58. Bf5 Ne2+ 59. Kf2
Nxd4 60. Bb1 Nb3 61. Ke3 Nxc5 62. Kd4 Kd6 63. Kc3 Ke5 64. Kb4 Ne6 0-1

[Event "4NCL Division 3 North"]
[Site "Bolton, ENG"]
[Date "2018.11.11"]
[Round "2.55"]
[White "Arnott, Jonathan W"]
[Black "Mahoney, Nicholas"]
[Result "1-0"]
[WhiteElo "2131"]
[BlackElo "1705"]
[PlyCount "59"]
[EventDate "2018.11.11"]
[WhiteTeam "White Rose 2"]
[BlackTeam "Bradford DCA Knights C"]

1. e4 e5 2. Nf3 Nc6 3. Bb5 a6 4. Ba4 Nf6 5. O-O Nxe4 6. Re1 Nc5 7. Bxc6 dxc6 8.
Nxe5 Be6 9. Qh5 g6 10. Qf3 Qe7 11. Nxc6 Qd6 12. Ne5 O-O-O 13. Nxf7 Bxf7 14.
Qxf7 Qd7 15. Qxd7+ Nxd7 16. d4 Bg7 17. c3 Rde8 18. Be3 Nb6 19. Na3 Na4 20. Re2
Re7 21. Rae1 Rhe8 22. Kf1 b5 23. Nb1 Nb6 24. Bg5 Rxe2 25. Rxe2 Kd7 26. Rxe8
Kxe8 27. Ke2 Kd7 28. Kd3 Nd5 29. Nd2 h6 30. Be3 1-0

[Event "4NCL Division 3 North"]
[Site "Bolton, ENG"]
[Date "2018.11.11"]
[Round "2.56"]
[White "Grobler, David"]
[Black "Li, Harry"]
[Result "0-1"]
[WhiteElo "1666"]
[BlackElo "2035"]
[PlyCount "50"]
[EventDate "2018.11.11"]
[WhiteTeam "Bradford DCA Knights C"]
[BlackTeam "White Rose 2"]

1. e4 c5 2. Nf3 d6 3. d4 cxd4 4. Nxd4 Nf6 5. Nc3 a6 6. Bg5 e6 7. f4 Be7 8. Qf3
Qc7 9. O-O-O Nbd7 10. g4 b5 11. Bxf6 Nxf6 12. g5 Nd7 13. f5 Nc5 14. f6 gxf6 15.
gxf6 Bf8 16. Rg1 b4 17. Nce2 Bb7 18. Qh5 Bxe4 19. Bg2 Bg6 20. Bc6+ Qxc6 21.
Rxg6 fxg6 22. Qh3 Qe4 23. f7+ Kd7 24. Rf1 Bg7 25. Rf4 Qd5 0-1

[Event "4NCL Division 3 North"]
[Site "Bolton, ENG"]
[Date "2018.11.11"]
[Round "2.61"]
[White "Fabri, Henrik"]
[Black "Raghavendra, Mahima"]
[Result "1-0"]
[WhiteElo "1921"]
[BlackElo "1885"]
[PlyCount "29"]
[EventDate "2018.11.11"]
[WhiteTeam "Manx Liberty 2"]
[BlackTeam "Manchester Manticores 3"]

1. e4 c5 2. c3 Nc6 3. d4 cxd4 4. cxd4 d5 5. exd5 Qxd5 6. Nf3 Bg4 7. Be2 Nf6 8.
Nc3 Qd7 9. d5 Nxd5 10. Qxd5 Qxd5 11. Nxd5 O-O-O 12. Ne3 Bh5 13. Bd2 f6 14. Bc3
e5 15. Nxe5 1-0

[Event "4NCL Division 3 North"]
[Site "Bolton, ENG"]
[Date "2018.11.11"]
[Round "2.62"]
[White "Timson, Paul F"]
[Black "Miah, Zahed"]
[Result "1/2-1/2"]
[WhiteElo "1877"]
[BlackElo "1854"]
[PlyCount "38"]
[EventDate "2018.11.11"]
[WhiteTeam "Manchester Manticores 3"]
[BlackTeam "Manx Liberty 2"]

1. d4 d5 2. c4 c6 3. cxd5 cxd5 4. Nc3 Nf6 5. Nf3 Nc6 6. Bf4 e6 7. e3 Bd6 8.
Bxd6 Qxd6 9. Bd3 O-O 10. O-O Bd7 11. Rc1 Rac8 12. Nb5 Qb8 13. Nc3 Rfe8 14. Bb1
e5 15. dxe5 Nxe5 16. h3 Nxf3+ 17. Qxf3 Bc6 18. Qd1 Qe5 19. Qd4 Qxd4 1/2-1/2

[Event "4NCL Division 3 North"]
[Site "Bolton, ENG"]
[Date "2018.11.11"]
[Round "2.63"]
[White "Akeya-Price, Robert"]
[Black "Burns, Martin J"]
[Result "1-0"]
[WhiteElo "1773"]
[BlackElo "1945"]
[PlyCount "77"]
[EventDate "2018.11.11"]
[WhiteTeam "Manx Liberty 2"]
[BlackTeam "Manchester Manticores 3"]

1. d4 Nf6 2. c4 g6 3. g3 Bg7 4. Bg2 O-O 5. Nf3 d6 6. O-O Nbd7 7. Nc3 c6 8. e4
e5 9. h3 Re8 10. Be3 Qc7 11. Rc1 exd4 12. Nxd4 Nc5 13. Qc2 Qe7 14. Bg5 h6 15.
Bxf6 Bxf6 16. Nde2 Be6 17. b3 Rad8 18. Rcd1 Bc8 19. Nd4 Bg7 20. f4 f5 21. Rfe1
fxe4 22. Bxe4 Bxd4+ 23. Rxd4 Qf6 24. Rdd1 Kg7 25. Kg2 Re7 26. b4 Na6 27. a3
Rde8 28. Qd2 Qe6 29. Qd4+ Kh7 30. g4 c5 31. Qd3 cxb4 32. Nd5 Nc5 33. Bxg6+ Qxg6
34. Qxg6+ Kxg6 35. Nxe7+ Kf7 36. Nxc8 Rxc8 37. axb4 Ne6 38. Rc1 Rc6 39. Rf1 1-0

[Event "4NCL Division 3 North"]
[Site "Bolton, ENG"]
[Date "2018.11.11"]
[Round "2.64"]
[White "Trueman, Glenn"]
[Black "Cross, Glenn"]
[Result "1/2-1/2"]
[WhiteElo "1870"]
[BlackElo "1772"]
[PlyCount "37"]
[EventDate "2018.11.11"]
[WhiteTeam "Manchester Manticores 3"]
[BlackTeam "Manx Liberty 2"]

1. e4 c5 2. Nf3 d6 3. Bb5+ Bd7 4. Bxd7+ Nxd7 5. O-O g6 6. c3 Bg7 7. d4 Qc7 8.
Qe2 e6 9. dxc5 dxc5 10. Bg5 Bf6 11. Be3 Ne7 12. Rd1 O-O 13. Na3 Rfd8 14. Nb5
Qc6 15. Bf4 a6 16. Na3 b5 17. Rd6 Qc7 18. Bg3 e5 19. Rd2 1/2-1/2